000 00635nam a2200193 a 4500
001 000019201
005 20200929165941.0
008 100528s1977 pr a r 000 p spa d
040 _aDO-SdBNP
_bspa
_cBNPHU
082 _aPR861.44
_bN793c
100 1 _aNolla, Olga
_d1938-2001
_941315
245 1 0 _aClave de sol /
_cOlga Nolla.
260 _aSan Juan, Puerto Rico :
_bInstituto de Cultura Puertorriqueña,
_c1977.
300 _a94 p. :
_bil., retrs. ;
_c18 cm.
490 1 _aLiteratura hoy
650 4 _aPoesía puertorriqueña
_ySIGLO XX
_99029
650 4 _aLiteratura puertorriqueña
_ySIGLO XX
_95311
830 0 _aLiteratura hoy
_914086
999 _c18719
_d18719